OpenGL programming guide : the official guide to learning OpenGL, Version 1.2

Saved in:
Bibliographic Details
Corporate Author: OpenGL Architecture Review Board
Other Authors: Woo, Mason
Format: Book
Language:English
Published: Reading, Mass. : Addison-Wesley, c1999
Subjects:
Tags: Add Tag
No Tags, Be the first to tag this record!

MARC

LEADER 00000nam a2200000 i 4500
001 1/94744
008 991202s1999 eng d
020 |a 0201604582 
035 |l 10054965 
040 |a GR-MY-UA  |b gre  |e aacr 
041 0 |a eng 
082 0 |a 006.693 
245 1 0 |a OpenGL programming guide :  |b the official guide to learning OpenGL, Version 1.2 /  |c OpenGL Architecture Review Board, Mason Woo ... [et al.]. 
260 |a Reading, Mass. :   |b Addison-Wesley,   |c c1999 
300 |a xi, 730 p.;  |b ill.;  |c 25 cm. 
504 |a Includes bibliographical references and index 
630 0 0 |a OpenGL. 
650 0 0 |a Computer graphics. 
700 1 |a Woo, Mason. 
710 2 |a OpenGL Architecture Review Board. 
852 |a INST  |b SAMOS  |e 19991202  |h 006.693 OPE  |p 005300016513  |q 005300016513  |t BK  |y 0 
901 |a BIBL3-1999-3 
909 |a Σ  |b 069835 
922 |a 3ΕΛΗ  |b 199911  |c ΤΠΕΣ  |d ΠΑΠΑΣΩΤΗΡΙΟΥ 
950 |a 133-1999-07-20 
970 |a ΠΟΥΡΝΑΡΑΣ  |b ΔΗΜΗΤΡΗΣ  |z 1999/12/02